000 01062nas a2200265 454500
001 30970
005 20260407193508.0
008 260407s1962####ag###########|||spa#d
003 AR-UNSa-BCEJYS
040 _aAR-UNSa-BCEJYS
_bspa
_cAR-UNSa-BCEJYS
080 _a34
_xDerecho
245 1 0 _aEl Derecho
_pJurisprudencia General
264 1 _aBuenos Aires :
_bPontificia Universidad Católica Argentina
_c1962
310 _aFrecuencia: Irregular
505 _aCada tomo incluye distintos tipos de índices alfabéticos: de colaboradores, de partes litigantes, de tribunales, de temas para buscar jurisprudencia. Se publica un repertorio anual que contiene los índices de todos los tomos publicados en ese año Cambia de Director a partir del Año 1979, Nº 80 por Germán J. Bidart Campos
041 _aspa
942 _cSER
590 _aniveau_biblio:s niveau_hierar:1
100 1 _aUniversidad Católica Argentina (UCA)
700 1 _aFornieles, Jorge S.
650 _aArgentina
650 _aLegislación
650 _aJURISPRUDENCIA
650 _aDOCTRINA
999 _c8700
_d8700